Proces integrácie bunky pre testovanie batériových modulov vo firme Manz Slovakia, s. r. o.

Na minha lista:
Detalhes bibliográficos
Autor principal: Vrzala, Tomáš (Author)
Outros Autores: Matúšová, Miriam (Thesis advisor)
Formato: Manuscrito Livro
Idioma:eslovaco
Publicado em: 2025
Assuntos:
Acesso em linha:http://is.stuba.sk/zp/portal_zp.pl?podrobnosti=184013
Tags: Adicionar Tag
Sem tags, seja o primeiro a adicionar uma tag!

MARC

LEADER 00000ntm a22000003a 4500
001 stuzp103838
003 SK-STU
005 20250614212301.0
007 ta
008 150427s2015----xo-----f-mn---000-0-slo-d
040 |a STU  |b slo 
041 0 |a slo 
100 1 |a Vrzala, Tomáš  |u 063000  |4 aut  |U MTF Materiálovotechnologická fakulta  |T MTF Ústav výrobných technológií  |X 111882  |U M3000  |Y 83  |7 111882 
242 0 1 |a Integration process of the battery module testing cell in Manz Slovakia, s.r.o.  |y eng 
245 1 0 |a Proces integrácie bunky pre testovanie batériových modulov vo firme Manz Slovakia, s. r. o. 
260 |c 2025 
650 4 |a testing  |2 eng 
650 4 |a EOL cell  |2 eng 
650 4 |a assembly  |2 eng 
650 4 |a testovanie  |2 slo 
650 4 |a EOL Bunka  |2 slo 
650 4 |a kompletizácia  |2 slo 
700 1 |a Matúšová, Miriam  |u 063800  |k Z1  |4 ths  |U MTF Ústav výrobných technológií  |T MTF Katedra výrobných zariadení a systémov  |X 4309  |U M3800  |Y 660  |7 A000004309 
856 4 |u http://is.stuba.sk/zp/portal_zp.pl?podrobnosti=184013 
996 |c M* DP-15673  |l MMSKP  |s P  |a 0  |w stuzp103838_0001